| 000 | 00946nam a22002417a 4500 | ||
|---|---|---|---|
| 008 | 240605b mp ||||| |||| 00| 0 mon d | ||
| 020 | _a9789997318411 | ||
| 035 | _a25555 | ||
| 040 |
_aHE0623081 _bmon _cMN-UlNLM _dMN-UlNLM _erda |
||
| 041 | _amon | ||
| 042 | _a59391 | ||
| 084 |
_2NNA _a84(5Мон)-44 _bБ.332 |
||
| 100 | _aБатбаяр М., Нямдорж Л. | ||
| 245 | 0 | _aЗаан оготно хоёр | |
| 264 |
_aУБ. _bМонсудар хэвлэлийн газар _c2020 |
||
| 300 | _a32х. | ||
| 336 |
_2rdacontent _atext _btxt |
||
| 337 |
_2rdamedia _aunmediated _bn |
||
| 338 |
_2rdacarrier _avolume _bnc |
||
| 650 | _aЖижигхэн хотын захад нэгэн гол урсана. Голын эрэгт бяцхан оготно амьдардаг байжээ. Харин аварга том заан өдөр бүр голос ус ууна.... | ||
| 942 |
_2NNA _cBK |
||
| 999 |
_c895234 _d895291 |
||